Sofia the First theme song all lyrics - Statistics

General Stats
  • This quiz has been taken 933 times
  • The average score is 86 of 97
Answer Stats
Answer % Correct
I
100%
I
100%
I
100%
a
99%
a
99%
a
99%
A
99%
be
98%
be
98%
in
98%
in
98%
In
98%
the
98%
the
98%
the
98%
the
98%
the
98%
do
97%
girl
97%
village
97%
became
96%
doing
96%
princess
96%
So
96%
so
96%
was
96%
overnight
95%
Then
95%
to
95%
to
95%
to
95%
To
95%
alright
94%
an
94%
and
93%
my
93%
my
93%
my
93%
family
92%
it
92%
right
92%
see
92%
learn
91%
much
91%
new
91%
(Sofia
91%
(Sofia
91%
(Sofia)
91%
(Sofia)
91%
Sofia
91%
with
91%
castle
90%
First)
90%
First)
90%
First
90%
how
89%
out
89%
out
89%
for
88%
for
88%
Now
88%
Up
88%
I'm
87%
I'm
87%
I'm
87%
royalty
87%
all
86%
all
86%
figure
86%
just
86%
me
86%
that
84%
excited
83%
gotta
83%
waiting
83%
world
83%
whole
82%
is
81%
that's
79%
what
79%
about
78%
finding
77%
school
77%
being
76%
it's
76%
It's
76%
enchanted
74%
every
74%
gonna
74%
royal's
74%
time
74%
adventure
73%
day
72%
show
71%
way
70%
them
68%
Making
62%
No matching quizzes found
Score Distribution
Percent of People with Each Score
Percentile by Number Answered
Your Score History
You have not taken this quiz